00549 a2200169 4500010001400000020002600014035001300040037001600053082001300069100001800082245009500100250001300195260004200208270006700250300002800317500003400345 aENG-89362 a9788189938024c595.00 aEN-72895 bDBAD / PUB14a658.40951 aKunda, Gideon1 a Engineering culture:bcontrol and commitment in a High-Tech corporation/cby Gideon Kunda arev. ed. aNew DelhibOverseas Press Indiac2007 a7/28 Ansari Road,DaryaganjbDelhie110002mwww.overseaspub.com axi,307 p.c23cm ( Pbk.) aIncludes references and index